| 000 | 00473nam a22001817a 4500 | ||
|---|---|---|---|
| 003 | CEME | ||
| 005 | 20210628202229.0 | ||
| 008 | 210317b xxu||||| |||| 00| 0 eng d | ||
| 020 | _a0-87389-047-7 | ||
| 040 | _c. | ||
| 082 | _a658.562 QUA'C | ||
| 100 |
_aChmpenella, Jack Ideas And Applications A Collection Of Papers _958886 |
||
| 245 | _aQuality costs | ||
| 260 |
_aUSA _bASQC _c1989 |
||
| 300 | _aVOL-2 | ||
| 650 |
_aQUALITY CONTROL COSTS _958887 |
||
| 942 |
_cBK _2ddc |
||
| 999 |
_c568973 _d568973 |
||